000 00811cam a22002411 4500
001 sa 67002554
003 DLC
005 20260227112331.0
008 861103s1965 ii 000 0 eng
010 _asa 67002554
025 _aPL480:I-E-7558
035 _a(OCoLC)14628706
040 _aDLC
_cWaU
_dDLC
042 _apremarc
050 0 0 _aHE1783.I4
_bA4795
110 1 _aIndia (Republic).
_bRailway Inspectorate.
245 1 0 _aRailway accident;
_breport on derailment of No. 21 Up mail at Bhimnath station (Western Railway) on 14th May, 1961.
260 _a[Delhi,
_bManager of Publications,
_c1965]
300 _a10 p.
_c33 cm.
500 _aCover title.
650 0 _aRailroad accidents
_zIndia
_vCase studies.
740 0 _aReport on derailment of No. 21 Up mail at Bhimnath station (Western Railway)
999 _c73297
_d73297